Представление документа в формате MARC21

Поле Инд. ПП Название Значение
Тип записи a
Библиографический уровень b
001 Контрольный номер UNIDUBNA2a864bb928874239a54aa41809fa9abb
005 Дата корректировки 20250910220500.9
008 Кодируемые данные 20170331
040 b Код языка каталог. rus
e Правила каталог. PSBO
041 0_ a Код языка текста rus
084 a Индекс другой классификации/Индекс ББК 60.991.3; 88.93
100 1_ a Автор Кубрякова Е. В.
245 10 a Заглавие Об опыте работы по профилактике правонарушений среди детей-сирот и детей, оставшихся без попечения родителей, в условиях стационарного учреждения
520 0_ a Аннотация Работа с "трудными" воспитанниками имеет системный характер и четкий алгоритм, который базируется на межведомственном взаимодействии.
650 14 a Основная рубрика практическая психология (прикладная психология)
a Основная рубрика психокоррекция
a Основная рубрика психология
a Основная рубрика социальная работа
653 0_ a Ключевые слова дети, оставшиеся без попечения родителей
a Ключевые слова дети-сироты
a Ключевые слова досуг
a Ключевые слова досуг
a Ключевые слова индивидуально-профилактические мероприятия
a Ключевые слова комплексная социальная помощь
a Ключевые слова коррекционно-реабилитационная работа
a Ключевые слова медико-социальная помощь
a Ключевые слова межведомственное взаимодействие
a Ключевые слова несовершеннолетние
a Ключевые слова образовательная деятельность
a Ключевые слова подростки
a Ключевые слова профилактика безнадзорности
a Ключевые слова профилактика беспризорности
a Ключевые слова профилактика правонарушений
a Ключевые слова профориентационная работа
a Ключевые слова психолого-педагогическая коррекция
a Ключевые слова психосоциальная реабилитация
a Ключевые слова реабилитационные технологии
a Ключевые слова социализация
a Ключевые слова социальная адаптация
a Ключевые слова социальная интеграция
a Ключевые слова социальная реабилитация
a Ключевые слова социальное сопровождение
a Ключевые слова трудная жизненная ситуация
a Ключевые слова физкультурно-оздоровительная работа
a Ключевые слова центры социально-психологической помощи
773 08 t Заглавие источника Работник социальной службы
d Дата издания источника 2023
g Прочая информация № 1. - С. 53 - 57
w Контрольный № источника UNIDUBNAd55c988047cf427e89d450b488b4e4c9
901 t Тип документа b